000 00511cam a22001337a 4500
008 180718b2001 xxu||||| |||| 00| 0 eng d
100 _aEstache, Antonio
245 _aTechnical efficiency gains from port reform: the potential for yardstick and competition in Mexico
_cby Antonio Estache, Marianela Gonzalez and Lourdes Trujillo
260 _aWashington, D.C.
_bWorld Bank
_c2001
300 _a20p.
440 _aPolicy research working paper 2637
700 _aTrujillo, Lourdes
700 _aGonzalez, Marianela
999 _c286869
_d286869